000 00909nam a22002417a 4500
003 BD-DhSAU
005 20210916120046.0
008 210916b xxu||||| |||| 00| 0 eng d
040 _aBD-DhSAU
082 _222
_a635
_bAk79
100 _a AKTER, MST. SHARMIN
_eREG. NO. #17-08184
245 _aPhysiological changes and shelf life of litchi as influenced by various post-harvest management /
_bMs Thesis
260 _aDepartment of Horticulture;
_bSher-e-Bangla Agricultural University, Dhaka-1207;
_c2018
300 _axi.; 92p.;
_c30cm.;
590 _anazmul
610 _aPhysiological changes
650 _ashelf life
651 _a various post-harvest management /
700 _aProf. Md. Ruhul Amin
_eSupervisor
710 _aProf. Dr. Md. Nazrul Islam
_eCo-Supervisor
856 _yhttp://archive.saulibrary.edu.bd:8080/xmlui/handle/123456789/3031
_aOnlen access
942 _2ddc
_cTHESIS
999 _c15191
_d15190